[Event "XIX Autunno Scacchistico Magistrale"]
[Site "Venezia ITA"]
[Date "2013.11.02"]
[Round "2"]
[White "Zamengo, Fulvio"]
[Black "Cardarelli, Angelo"]
[Result "1-0"]
[WhiteElo "2116"]
[BlackElo "2004"]
[PlyCount "73"]
[EventDate "2013.11.01"]

1. e4 e6 2. d4 d5 3. e5 c5 4. c3 Nc6 5. Nf3 Bd7 6. Bd3 cxd4 7. cxd4 Qb6 8. O-O
Nxd4 9. Nbd2 Nxf3+ 10. Nxf3 h6 11. b4 Bb5 12. Nd4 Bxd3 13. Qxd3 a6 14. Be3 Qd8
15. Rab1 Ne7 16. b5 Nf5 17. bxa6 bxa6 18. Nxf5 exf5 19. Qxf5 Qd7 20. Qxd7+ Kxd7
21. Rb2 Ke6 22. Bd4 h5 23. h3 Be7 24. f4 g6 25. g4 hxg4 26. hxg4 f5 27. exf6
Bf8 28. f5+ gxf5 29. gxf5+ Kd6 30. Rfb1 Rc8 31. Rb6+ Rc6 32. Rxc6+ Kxc6 33. Rb8
Kc7 34. Be5+ Kd7 35. Kg2 Kc6 36. f7 a5 37. Bxh8 1-0

[Event "XIX Autunno Scacchistico Magistrale"]
[Site "Venezia ITA"]
[Date "2013.11.02"]
[Round "2"]
[White "Gallo, Enrico"]
[Black "Dorigo, Tommaso"]
[Result "1-0"]
[WhiteElo "2107"]
[BlackElo "1998"]
[PlyCount "77"]
[EventDate "2013.11.01"]

1. e4 Nf6 2. e5 Nd5 3. d4 d6 4. Nf3 Bg4 5. Be2 e6 6. O-O Be7 7. h3 Bh5 8. c4
Nb6 9. exd6 cxd6 10. Be3 O-O 11. Nbd2 Nc6 12. Rc1 a5 13. a3 Bg6 14. b3 Bf6 15.
Nb1 d5 16. c5 Nd7 17. Nc3 b6 18. Nb5 bxc5 19. dxc5 Bb2 20. Qd2 Bxc1 21. Rxc1
Nf6 22. Nfd4 Nxd4 23. Qxd4 Re8 24. b4 e5 25. Qd1 Ne4 26. Bf3 axb4 27. axb4 d4
28. Bd2 Ra2 29. Bxe4 Bxe4 30. Nd6 Bc6 31. b5 Bd5 32. Nxe8 Qxe8 33. c6 e4 34.
Qh5 e3 35. Be1 Be4 36. Qc5 exf2+ 37. Bxf2 Rxf2 38. Kxf2 Bxc6 39. Re1 1-0

[Event "XIX Autunno Scacchistico Magistrale"]
[Site "Venezia ITA"]
[Date "2013.11.02"]
[Round "3"]
[White "Basso, Pier Luigi"]
[Black "Bianchi, Andrea"]
[Result "1-0"]
[WhiteElo "2271"]
[BlackElo "2164"]
[PlyCount "105"]
[EventDate "2013.11.01"]

1. d4 d5 2. c4 e6 3. Nc3 Be7 4. cxd5 exd5 5. Nf3 c6 6. Qc2 g6 7. e3 Bf5 8. Bd3
Bxd3 9. Qxd3 Nf6 10. O-O O-O 11. Rb1 Re8 12. b4 Ne4 13. Nxe4 dxe4 14. Qxe4 Bxb4
15. Qd3 Qe7 16. Qb3 a5 17. a3 Bd6 18. Qxb7 Qxb7 19. Rxb7 a4 20. Nd2 Re7 21. Rb6
Rc7 22. Nc4 Nd7 23. Rb2 Be7 24. Bd2 Raa7 25. Rfb1 f5 26. Ba5 Rc8 27. Rb7 Rca8
28. Bc7 Kf7 29. Bd6 Bxd6 30. Nxd6+ Ke6 31. Nc4 Kd5 32. Rxd7+ Kxc4 33. Rb4+ Kc3
34. Rxa7 Rxa7 35. g3 Ra5 36. Kg2 g5 37. Kf3 Kd3 38. g4 h6 39. Rb6 fxg4+ 40.
Kxg4 c5 41. dxc5 Rxc5 42. Rxh6 Rc3 43. Kxg5 Rxa3 44. Ra6 Ra2 45. f4 Kxe3 46. f5
Ke4 47. f6 Rg2+ 48. Kh6 Rxh2+ 49. Kg7 Kd5 50. Rxa4 Ke6 51. Ra6+ Kd7 52. f7 Rg2+
53. Rg6 1-0

[Event "XIX Autunno Scacchistico Magistrale"]
[Site "Venezia ITA"]
[Date "2013.11.02"]
[Round "3"]
[White "Loetscher, Roland"]
[Black "Mileto, Gabriele"]
[Result "1/2-1/2"]
[WhiteElo "2414"]
[BlackElo "2140"]
[PlyCount "174"]
[EventDate "2013.11.01"]

1. d4 d5 2. c4 c6 3. Nf3 Nf6 4. e3 Bg4 5. h3 Bxf3 6. Qxf3 e6 7. Bd3 Bb4+ 8. Nd2
Nbd7 9. O-O e5 10. cxd5 cxd5 11. dxe5 Nxe5 12. Bb5+ Nc6 13. Rd1 O-O 14. Nb3 Rc8
15. Bd2 Bxd2 16. Rxd2 Ne5 17. Qf5 Nc4 18. Bxc4 Rxc4 19. Rad1 Qc7 20. Nd4 Rc8
21. Nb5 Qb6 22. Nc3 Qe6 23. Nxd5 Nxd5 24. Qxd5 Qxd5 25. Rxd5 Kf8 26. Rd7 Rb4
27. Rd8+ Rxd8 28. Rxd8+ Ke7 29. Rd2 Ra4 30. a3 Rc4 31. Kf1 b5 32. Ke2 b4 33.
Kd3 Rh4 34. b3 bxa3 35. Ra2 Rb4 36. Rxa3 a5 37. Kc3 Rb5 38. Ra4 Kd6 39. Rg4 g6
40. Rf4 Ke6 41. Re4+ Kd7 42. f4 h5 43. Rd4+ Ke6 44. Rc4 Kd7 45. Kb2 h4 46. Kc3
f6 47. Re4 Rc5+ 48. Rc4 Rb5 49. Kb2 Rf5 50. Ka3 Rb5 51. Ka4 Rf5 52. Rd4+ Ke7
53. Re4+ Kd7 54. Rc4 g5 55. Rd4+ Ke6 56. Re4+ Kd7 57. Rc4 Kd6 58. Rc8 gxf4 59.
exf4 Rxf4+ 60. Kxa5 Rf2 61. Rg8 Kc6 62. Rg6 Rf1 63. Rg4 Rf2 64. Rxh4 Rxg2 65.
Rc4+ Kd5 66. Rc3 Rg8 67. b4 Ra8+ 68. Kb5 Rb8+ 69. Ka4 Ra8+ 70. Kb3 Rb8 71. Rc5+
Kd6 72. Rh5 Rf8 73. Rf5 Ke6 74. Rf1 Rh8 75. Rf3 Ke5 76. b5 f5 77. Kc4 Ke4 78.
Rb3 f4 79. b6 f3 80. Kc5 f2 81. Rb1 Rxh3 82. b7 Rh8 83. Rf1 Ke3 84. Kb6 Ke2 85.
Rxf2+ Kxf2 86. Ka7 Ke3 87. b8=Q Rxb8 1/2-1/2

[Event "XIX Autunno Scacchistico Magistrale"]
[Site "Venezia ITA"]
[Date "2013.11.02"]
[Round "3"]
[White "Dappiano, Andrea"]
[Black "Genocchio, Daniele"]
[Result "0-1"]
[WhiteElo "2194"]
[BlackElo "2411"]
[PlyCount "40"]
[EventDate "2013.11.01"]

1. c4 e5 2. Nc3 Nc6 3. Nf3 Nf6 4. e4 Bb4 5. d3 d6 6. g3 a5 7. Bg2 h6 8. O-O Bc5
9. Nd5 Bg4 10. h3 Nxd5 11. exd5 Bxf3 12. Qxf3 Nd4 13. Qd1 O-O 14. Kh2 Qd7 15.
f4 exf4 16. Bxf4 Rae8 17. Qh5 Re2 18. Bxh6 gxh6 19. Rf6 Qe7 20. Rxh6 Qe5 0-1

[Event "XIX Autunno Scacchistico Magistrale"]
[Site "Venezia ITA"]
[Date "2013.11.02"]
[Round "3"]
[White "Negro, Roberto"]
[Black "Xia, Jie"]
[Result "1-0"]
[WhiteElo "2172"]
[BlackElo "2284"]
[PlyCount "121"]
[EventDate "2013.11.01"]

1. c4 c5 2. Nc3 Nc6 3. Nf3 g6 4. g3 Bg7 5. Bg2 e5 6. O-O Nge7 7. d3 O-O 8. Ne1
d6 9. Nc2 Be6 10. Ne3 Qd7 11. Ned5 Bh3 12. Rb1 Bxg2 13. Kxg2 f5 14. a3 f4 15.
b4 Nd4 16. Nxe7+ Qxe7 17. bxc5 dxc5 18. f3 g5 19. g4 h5 20. h3 b6 21. a4 Rab8
22. Bd2 Kf7 23. a5 Rh8 24. Qa4 hxg4 25. hxg4 Rh4 26. Rh1 Rbh8 27. axb6 axb6 28.
Rxh4 Rxh4 29. Rxb6 Bf8 30. Qa8 Kg8 31. Qe4 Rh6 32. Rxh6 Bxh6 33. Qg6+ Bg7 34.
Kf2 Qf6 35. Qe8+ Qf8 36. Qd7 Bf6 37. Ne4 Qh6 38. Nxf6+ Qxf6 39. Qc8+ Kg7 40.
Qxc5 Ne6 41. Qa7+ Kg6 42. Bc3 Qh8 43. Ke1 Nd4 44. Kd2 Qd8 45. Bxd4 exd4 46.
Qa6+ Kg7 47. Qb7+ Kh6 48. Qd5 Qb6 49. Kc2 Qa7 50. c5 Qa4+ 51. Qb3 Qe8 52. Qb6+
Kg7 53. Qa7+ Kh6 54. Kd1 Kg6 55. Qb6+ Kf7 56. Qb3+ Ke7 57. Qb6 Qa4+ 58. Ke1
Qa1+ 59. Kf2 Qc1 60. Qd6+ Ke8 61. Qxd4 1-0

[Event "XIX Autunno Scacchistico Magistrale"]
[Site "Venezia ITA"]
[Date "2013.11.02"]
[Round "3"]
[White "Mrdja, Milan"]
[Black "Sorbera, Giovanni"]
[Result "1-0"]
[WhiteElo "2388"]
[BlackElo "2154"]
[PlyCount "63"]
[EventDate "2013.11.01"]

1. e4 c5 2. Nf3 Nc6 3. Bb5 g6 4. h3 Bg7 5. Bxc6 dxc6 6. e5 Qc7 7. Qe2 Be6 8. d3
Bd5 9. Nbd2 Bxf3 10. Nxf3 e6 11. O-O Ne7 12. Re1 Nf5 13. c3 Rd8 14. Bg5 Rd5 15.
Rad1 h6 16. Bf4 Ke7 17. Nd2 g5 18. Bh2 h5 19. Nc4 Kd8 20. Ne3 Nxe3 21. Qxe3 Kc8
22. a3 Rhd8 23. b4 R8d7 24. Kf1 Kb8 25. Ke2 Qb6 26. Kf1 Qd8 27. Qf3 Qh8 28. Qe4
Qd8 29. Qc4 cxb4 30. axb4 a5 31. Ra1 Qb6 32. Ra4 1-0

[Event "XIX Autunno Scacchistico Magistrale"]
[Site "Venezia ITA"]
[Date "2013.11.02"]
[Round "3"]
[White "Guerra, Alessandro"]
[Black "Zuttioni, Federico"]
[Result "1-0"]
[WhiteElo "2226"]
[BlackElo "2093"]
[PlyCount "97"]
[EventDate "2013.11.01"]

1. Nf3 Nf6 2. c4 c5 3. Nc3 Nc6 4. d4 cxd4 5. Nxd4 g6 6. e4 Bg7 7. Be3 O-O 8.
Be2 d6 9. O-O Bd7 10. Rc1 Nxd4 11. Bxd4 Bc6 12. Qd3 a5 13. Rfd1 Re8 14. Qe3 Nd7
15. Bxg7 Kxg7 16. Nd5 a4 17. b4 axb3 18. axb3 Kg8 19. b4 Qb8 20. h4 b6 21. h5
Bxd5 22. Rxd5 Ra2 23. hxg6 fxg6 24. c5 Rxe2 25. Qxe2 bxc5 26. bxc5 Nf6 27. Rdd1
dxc5 28. e5 Nh5 29. Rxc5 e6 30. Qc4 Ng7 31. Rb5 Qa7 32. Qc5 Qa4 33. Rdb1 Qf4
34. Rb8 g5 35. Qe7 Qf8 36. Rxe8 Qxe8 37. Qxg5 Qc8 38. Rb3 Qc7 39. Rd3 h6 40.
Qf4 Nf5 41. g4 Qg7 42. Kf1 Nh4 43. Rd8+ Kh7 44. Qe4+ Ng6 45. Qd3 Qxe5 46. Rd7+
Qg7 47. f4 Kg8 48. Rxg7+ Kxg7 49. Qd7+ 1-0

[Event "XIX Autunno Scacchistico Magistrale"]
[Site "Venezia ITA"]
[Date "2013.11.02"]
[Round "3"]
[White "Vianello, Enrico"]
[Black "Simonetto, Adriano"]
[Result "1/2-1/2"]
[WhiteElo "2157"]
[BlackElo "2067"]
[PlyCount "84"]
[EventDate "2013.11.01"]

1. d4 d5 2. c4 e6 3. Nf3 Nf6 4. e3 c6 5. Bd3 Nbd7 6. b3 Bd6 7. Bb2 b6 8. Nbd2
Qc7 9. Rc1 Bb7 10. O-O O-O 11. Re1 Rfe8 12. Qe2 c5 13. cxd5 exd5 14. dxc5 bxc5
15. e4 Ng4 16. h3 Nge5 17. exd5 Nxd3 18. Qxd3 f6 19. Nc4 Nb6 20. Ne3 Qf7 21.
Nf5 Bf4 22. Rxc5 Bxd5 23. N5d4 Rxe1+ 24. Nxe1 Re8 25. Nef3 Be4 26. Qb5 Rd8 27.
Qe2 Re8 28. Qf1 g5 29. Nf5 Qg6 30. Ng3 Ba8 31. Bc1 Bd6 32. Ra5 Bxf3 33. gxf3
Bb4 34. Rb5 Re1 35. Rxb4 Rxf1+ 36. Nxf1 Qf5 37. Kg2 Qc5 38. Bd2 Nd7 39. Ra4 Ne5
40. Be3 Qc6 41. Nd2 h5 42. Kg3 a6 1/2-1/2

[Event "XIX Autunno Scacchistico Magistrale"]
[Site "Venezia ITA"]
[Date "2013.11.02"]
[Round "3"]
[White "Lodici, Lorenzo"]
[Black "Zamengo, Fulvio"]
[Result "1/2-1/2"]
[WhiteElo "2050"]
[BlackElo "2116"]
[PlyCount "103"]
[EventDate "2013.11.01"]

1. d4 Nf6 2. c4 c5 3. d5 b5 4. cxb5 a6 5. f3 e6 6. e4 Bb7 7. Nc3 exd5 8. e5 Nh5
9. Nh3 d4 10. bxa6 Nxa6 11. Nb5 Be7 12. g4 O-O 13. Be2 f6 14. Nd6 Bd5 15. gxh5
fxe5 16. Ne4 Bh4+ 17. Ng3 Be6 18. Nf2 d5 19. O-O c4 20. b3 d3 21. Nxd3 cxd3 22.
Bxd3 Nc5 23. Bc2 Bh3 24. Rf2 Qd6 25. b4 Ne6 26. Bb3 Nd4 27. Be3 Nxb3 28. Qxb3
Kh8 29. Bc5 Qd7 30. Bxf8 Rxf8 31. Re1 Qd6 32. Qc3 e4 33. fxe4 Rxf2 34. Kxf2 d4
35. e5 Qd7 36. Qf3 h6 37. e6 Bxe6 38. Qa8+ Bg8 39. Qe4 Bg5 40. Qf5 Be3+ 41.
Rxe3 dxe3+ 42. Kxe3 Qa7+ 43. Qc5 Qxa2 44. Ne2 Qe6+ 45. Kf3 Qf6+ 46. Kg3 Qe6 47.
Nf4 Qe1+ 48. Qf2 Qxb4 49. Ng6+ Kh7 50. Nf8+ Kh8 51. Ng6+ Kh7 52. Nf8+ 1/2-1/2

[Event "XIX Autunno Scacchistico Magistrale"]
[Site "Venezia ITA"]
[Date "2013.11.02"]
[Round "3"]
[White "Pesco, Giuseppe"]
[Black "Gallo, Enrico"]
[Result "0-1"]
[WhiteElo "1936"]
[BlackElo "2107"]
[PlyCount "74"]
[EventDate "2013.11.01"]

1. Nf3 Nf6 2. g3 b5 3. Bg2 Bb7 4. d3 g6 5. e4 d6 6. O-O Bg7 7. c3 Nbd7 8. Na3
a6 9. Nc2 c5 10. Qe2 O-O 11. Re1 Rc8 12. Ng5 e5 13. f4 Qb6 14. Kh1 d5 15. f5 c4
16. d4 dxe4 17. fxg6 hxg6 18. Nxe4 exd4 19. Nxf6+ Nxf6 20. cxd4 Rfe8 21. Be3
Nd5 22. Qf2 b4 23. Rad1 b3 24. axb3 Qxb3 25. Rd2 Re6 26. Rde2 Rce8 27. Bc1 Qxc2
28. Rxc2 Rxe1+ 29. Bf1 Rxf1+ 30. Qxf1 Ne3+ 31. Kg1 Nxf1 32. Kxf1 Be4 33. Rc3
Bd3+ 34. Kg2 Bxd4 35. Ra3 Re2+ 36. Kf3 Rf2+ 37. Kg4 Bf5+ 0-1

[Event "XIX Autunno Scacchistico Magistrale"]
[Site "Venezia ITA"]
[Date "2013.11.02"]
[Round "3"]
[White "Capaliku, Aleks"]
[Black "Redo, Giorgio"]
[Result "1-0"]
[WhiteElo "2112"]
[BlackElo "2090"]
[PlyCount "107"]
[EventDate "2013.11.01"]

1. f4 d5 2. b3 c5 3. Nf3 Nc6 4. e3 a6 5. Bb2 Bg4 6. Be2 Bxf3 7. Bxf3 e6 8. O-O
h5 9. c4 Nf6 10. Bxf6 Qxf6 11. Nc3 d4 12. Bxc6+ bxc6 13. Qf3 Kd7 14. Na4 Rb8
15. e4 Be7 16. Rae1 Rbf8 17. e5 Qf5 18. Qe4 Qxe4 19. Rxe4 a5 20. f5 exf5 21.
Rxf5 Ke6 22. Rf3 Rh6 23. Nb2 g5 24. Nd3 g4 25. Rf1 Kd7 26. Ref4 Ke6 27. Rf5 h4
28. R5f4 Rg6 29. Re4 Kd7 30. Rff4 g3 31. h3 Ke6 32. Rf3 Rh6 33. Kf1 Ra8 34. Nb2
Rg8 35. Ke2 Rg5 36. Nd3 Rf5 37. Nf4+ Kd7 38. Kd1 Rh8 39. Kc2 Rg8 40. Kd1 Rb8
41. a4 Rg8 42. Ke2 Rgg5 43. Nd3 Rxf3 44. Kxf3 Rf5+ 45. Rf4 Rxf4+ 46. Kxf4 Ke6
47. Ne1 Bd8 48. Nf3 d3 49. Ne1 Bc7 50. Nxd3 f6 51. Nxc5+ Ke7 52. d4 fxe5+ 53.
dxe5 Bb6 54. Ne4 1-0

[Event "XIX Autunno Scacchistico Magistrale"]
[Site "Venezia ITA"]
[Date "2013.11.02"]
[Round "3"]
[White "Maloberti, David"]
[Black "Ceschia, Ivano"]
[Result "1-0"]
[WhiteElo "2075"]
[BlackElo "2244"]
[PlyCount "121"]
[EventDate "2013.11.01"]

1. d4 Nf6 2. c4 d6 3. Nc3 e5 4. d5 Be7 5. e4 O-O 6. Bd3 Nbd7 7. Nge2 Nc5 8. Bc2
a5 9. O-O Nh5 10. Be3 Bg5 11. Qd2 Bxe3 12. Qxe3 Bd7 13. b3 Qf6 14. a3 Nf4 15.
g3 Nxe2+ 16. Nxe2 Rae8 17. b4 Na6 18. Rab1 axb4 19. axb4 Qe7 20. Rfe1 b5 21.
Bd3 Rb8 22. cxb5 Bxb5 23. Bxb5 Rxb5 24. Qa3 Rb6 25. Rec1 f5 26. Rc6 Nb8 27.
Rxb6 cxb6 28. exf5 Rxf5 29. Qe3 Qb7 30. Nc3 Rf8 31. Rd1 Nd7 32. Ne4 Qb8 33. Rc1
Nf6 34. Rc6 Qa8 35. Nxf6+ Rxf6 36. Qc3 Qa2 37. Rc8+ Kf7 38. Qc7+ Kg6 39. Qc2+
Qxc2 40. Rxc2 Kf5 41. f3 e4 42. Rc7 exf3 43. Rxg7 Ke4 44. Rxh7 f2+ 45. Kf1 Kxd5
46. g4 Rf4 47. g5 Rxb4 48. Kxf2 Ke5 49. h4 Kf5 50. Rh6 b5 51. g6 Rg4 52. h5 b4
53. Rh8 b3 54. Rf8+ Ke4 55. Rb8 Rg5 56. Rxb3 Rxh5 57. g7 Rf5+ 58. Kg2 Rg5+ 59.
Rg3 Rxg7 60. Rxg7 d5 61. Kf2 1-0

[Event "XIX Autunno Scacchistico Magistrale"]
[Site "Venezia ITA"]
[Date "2013.11.02"]
[Round "3"]
[White "Santolini, Luigi"]
[Black "Faccia, Sergio"]
[Result "1-0"]
[WhiteElo "2104"]
[BlackElo "2037"]
[PlyCount "109"]
[EventDate "2013.11.01"]

1. d4 c5 2. d5 Nf6 3. Nf3 g6 4. c4 b5 5. cxb5 a6 6. bxa6 Bxa6 7. Nc3 d6 8. e4
Bxf1 9. Kxf1 Bg7 10. g3 O-O 11. Kg2 Nbd7 12. Re1 Qc7 13. Qc2 Rfb8 14. Bd2 Ng4
15. a4 Nge5 16. Nb5 Qc8 17. Nxe5 Nxe5 18. Bc3 c4 19. Red1 Qg4 20. Nd4 Nd3 21.
f3 Qg5 22. Rxd3 cxd3 23. Qxd3 Rb7 24. a5 Bh6 25. f4 Qg4 26. h3 Qd7 27. Nc6 Bg7
28. Bxg7 Kxg7 29. b4 e5 30. fxe5 dxe5 31. Nxe5 Qd6 32. Nc6 f6 33. b5 Qc5 34.
Rb1 h5 35. a6 Rb6 36. Rb2 Raxa6 37. d6 Ra3 38. Qd2 Rxb5 39. Rxb5 Qxb5 40. d7
Qxc6 41. d8=Q Qxe4+ 42. Kh2 Ra7 43. Q8d4 Qe7 44. Q4e3 g5 45. Qxe7+ Rxe7 46. Kg2
Re5 47. Qd8 Kf7 48. Qh8 Kg6 49. Qg8+ Kh6 50. Kf3 Rf5+ 51. Ke4 Re5+ 52. Kd4 Rf5
53. Qe6 Kg6 54. Qe4 g4 55. h4 1-0

[Event "XIX Autunno Scacchistico Magistrale"]
[Site "Venezia ITA"]
[Date "2013.11.02"]
[Round "3"]
[White "Boraso, Alessio"]
[Black "Ross, Amanda"]
[Result "1-0"]
[WhiteElo "2098"]
[BlackElo "2135"]
[PlyCount "53"]
[EventDate "2013.11.01"]

1. e4 e6 2. d4 d5 3. Nd2 Nf6 4. e5 Nfd7 5. Bd3 c5 6. c3 Nc6 7. Ne2 Be7 8. O-O
O-O 9. f4 Qb6 10. Nf3 cxd4 11. Nexd4 Bc5 12. Bxh7+ Kxh7 13. Ng5+ Kg6 14. Qg4
Bxd4+ 15. cxd4 Qxd4+ 16. Kh1 f5 17. Qg3 Qc4 18. Rf3 Qc2 19. Be3 Qxb2 20. Re1
Qb4 21. Bd2 Qe7 22. Qh4 Nf6 23. Rh3 Bd7 24. exf6 Rh8 25. Nh7 gxf6 26. Qh5+ Kg7
27. Rg3# 1-0

[Event "XIX Autunno Scacchistico Magistrale"]
[Site "Venezia ITA"]
[Date "2013.11.02"]
[Round "3"]
[White "Dorigo, Tommaso"]
[Black "Cardarelli, Angelo"]
[Result "1-0"]
[WhiteElo "1998"]
[BlackElo "2004"]
[PlyCount "71"]
[EventDate "2013.11.01"]

1. e4 e6 2. d4 d5 3. Nd2 Be7 4. Ngf3 Nf6 5. Bd3 c5 6. e5 Nfd7 7. c3 Nc6 8. O-O
a5 9. Qe2 cxd4 10. cxd4 g5 11. Qe3 g4 12. Ne1 Bg5 13. f4 gxf3 14. Qxf3 Qe7 15.
Nc2 b6 16. Bb5 Bb7 17. Nb3 Nd8 18. a4 Rf8 19. Qh5 h6 20. Rf3 Bxc1 21. Nxc1 Qg5
22. Qxg5 hxg5 23. Rg3 Rc8 24. Ne3 Rg8 25. Ng4 Nc6 26. Ne2 Ke7 27. Rf1 Rg6 28.
Rgf3 Rf8 29. Rc1 Ncb8 30. Rc7 Ba6 31. Rxd7+ Nxd7 32. Bxa6 f5 33. exf6+ Nxf6 34.
Ne5 Rgg8 35. Rc3 Ra8 36. Bb7 1-0

[Event "XIX Autunno Scacchistico Magistrale"]
[Site "Venezia ITA"]
[Date "2013.11.03"]
[Round "4"]
[White "Genocchio, Daniele"]
[Black "Basso, Pier Luigi"]
[Result "1/2-1/2"]
[WhiteElo "2411"]
[BlackElo "2271"]
[PlyCount "41"]
[EventDate "2013.11.01"]

1. c4 f5 2. Nc3 Nf6 3. d4 g6 4. Nf3 d6 5. g3 Bg7 6. Bg2 O-O 7. O-O c6 8. d5 e5
9. dxe6 Bxe6 10. b3 Na6 11. Nd4 Bf7 12. Bg5 h6 13. Bxf6 Qxf6 14. e3 Nc7 15. Rc1
Rad8 16. Nce2 d5 17. c5 g5 18. h3 Bh5 19. g4 Bg6 20. gxf5 Bxf5 21. Ng3 1/2-1/2

[Event "XIX Autunno Scacchistico Magistrale"]
[Site "Venezia ITA"]
[Date "2013.11.03"]
[Round "4"]
[White "Mileto, Gabriele"]
[Black "Negro, Roberto"]
[Result "1/2-1/2"]
[WhiteElo "2140"]
[BlackElo "2172"]
[PlyCount "37"]
[EventDate "2013.11.01"]

1. c4 g6 2. g3 Bg7 3. Bg2 c5 4. Nc3 Nc6 5. Nf3 Nf6 6. O-O O-O 7. d4 cxd4 8.
Nxd4 Nxd4 9. Qxd4 d6 10. Qd3 a6 11. Bd2 Rb8 12. Rac1 Bd7 13. b3 Re8 14. Rfd1
Bf5 15. e4 Bg4 16. Re1 Nd7 17. h3 Ne5 18. Qe3 Bd7 19. Ne2 1/2-1/2

[Event "XIX Autunno Scacchistico Magistrale"]
[Site "Venezia ITA"]
[Date "2013.11.03"]
[Round "4"]
[White "Gallo, Enrico"]
[Black "Loetscher, Roland"]
[Result "1/2-1/2"]
[WhiteElo "2107"]
[BlackElo "2414"]
[PlyCount "145"]
[EventDate "2013.11.01"]

1. e4 c5 2. Nf3 g6 3. Bc4 Nc6 4. Nc3 Bg7 5. d3 d6 6. O-O Nf6 7. h3 O-O 8. Bg5
Na5 9. Nd2 Rb8 10. a4 a6 11. f4 Nxc4 12. dxc4 b6 13. Qe2 Bb7 14. Rad1 Nd7 15.
Nd5 f6 16. Bh4 e6 17. Ne3 g5 18. Bg3 gxf4 19. Rxf4 Ne5 20. Nf3 Qe7 21. Nxe5
dxe5 22. Rh4 Qe8 23. Ng4 Rd8 24. Rd3 Qg6 25. Nf2 f5 26. Bh2 Qg5 27. Qh5 Qxh5
28. Rxh5 Rxd3 29. cxd3 Bc6 30. Rg5 Kh8 31. b3 Bf6 32. Rg3 b5 33. axb5 axb5 34.
Re3 Ra8 35. Kf1 f4 36. Re1 Ra3 37. Rb1 h5 38. Rb2 Kg8 39. Ke2 Kf7 40. g3 fxg3
41. Bxg3 Ke7 42. Bh2 Kd6 43. Bg1 Bd8 44. b4 cxb4 45. cxb5 Bxb5 46. Rxb4 Ra2+
47. Kf3 Kc6 48. d4 exd4 49. Rxd4 Bb6 50. Rb4 Bc5 51. Rb1 Bd4 52. Rc1+ Kd7 53.
Nh1 Ra3+ 54. Kg2 Ra2+ 55. Kf3 Be2+ 56. Kf4 Bb2 57. Rb1 h4 58. Kg5 Be5 59. Kxh4
Ra8 60. Be3 Rh8+ 61. Kg5 Rxh3 62. Ba7 Bf3 63. Nf2 Rg3+ 64. Kh6 Ke7 65. Bb8 Kf6
66. Bxe5+ Kxe5 67. Rb5+ Kf4 68. Rg5 Rg2 69. Nh3+ Ke3 70. Rxg2 Bxg2 71. Ng5 e5
72. Nf7 Kxe4 73. Nxe5 1/2-1/2

[Event "XIX Autunno Scacchistico Magistrale"]
[Site "Venezia ITA"]
[Date "2013.11.03"]
[Round "4"]
[White "Bianchi, Andrea"]
[Black "Mrdja, Milan"]
[Result "0-1"]
[WhiteElo "2164"]
[BlackElo "2388"]
[PlyCount "68"]
[EventDate "2013.11.01"]

1. e4 c5 2. Nf3 d6 3. d4 cxd4 4. Qxd4 a6 5. c4 Nc6 6. Qd2 Bg4 7. Be2 Nf6 8. Nc3
g6 9. b3 Bg7 10. Bb2 O-O 11. O-O Qa5 12. Rfd1 Rfc8 13. a3 Nd7 14. b4 Qd8 15.
Nd5 Bxf3 16. gxf3 Nce5 17. Ne3 Bh6 18. Rac1 Qf8 19. Rc2 Bf4 20. Qd4 Qh6 21. Nf1
Rc7 22. Rd3 Rac8 23. Rdc3 Nf8 24. Bc1 Ne6 25. Bxf4 Qxf4 26. Qe3 Qf6 27. Ng3 Nd4
28. Rc1 h5 29. Kg2 Ne6 30. Bf1 Kh7 31. Kh1 h4 32. Ne2 Nxc4 33. Rxc4 Rxc4 34.
Rxc4 Rxc4 0-1

[Event "XIX Autunno Scacchistico Magistrale"]
[Site "Venezia ITA"]
[Date "2013.11.03"]
[Round "4"]
[White "Xia, Jie"]
[Black "Guerra, Alessandro"]
[Result "1-0"]
[WhiteElo "2284"]
[BlackElo "2226"]
[PlyCount "57"]
[EventDate "2013.11.01"]

1. d4 Nf6 2. Bg5 c5 3. Nc3 h6 4. Bxf6 exf6 5. Nf3 Be7 6. g3 O-O 7. Bg2 d6 8.
O-O Nc6 9. h3 Bf5 10. e4 Bd7 11. Re1 Re8 12. Qd2 Qc8 13. Kh2 Nb4 14. Rad1 c4
15. a3 Na6 16. Nd5 Nc7 17. Ne3 b5 18. Nh4 Rb8 19. f4 Bf8 20. e5 Be7 21. Nf3 d5
22. exf6 gxf6 23. Nh4 b4 24. axb4 Rxb4 25. f5 Rxb2 26. Ng4 h5 27. Qh6 Bxf5 28.
Rxe7 Bxg4 29. Ng6 1-0

[Event "XIX Autunno Scacchistico Magistrale"]
[Site "Venezia ITA"]
[Date "2013.11.03"]
[Round "4"]
[White "Santolini, Luigi"]
[Black "Dappiano, Andrea"]
[Result "1/2-1/2"]
[WhiteElo "2104"]
[BlackElo "2194"]
[PlyCount "64"]
[EventDate "2013.11.01"]

1. d4 e6 2. c4 Bb4+ 3. Bd2 a5 4. Nf3 Nf6 5. a3 Bxd2+ 6. Qxd2 d6 7. Nc3 Nc6 8.
g3 Qe7 9. Bg2 e5 10. dxe5 Nxe5 11. Nxe5 dxe5 12. Nd5 Nxd5 13. cxd5 O-O 14. O-O
Rd8 15. Qc3 Bg4 16. Rfe1 e4 17. Rac1 Rd7 18. Qc4 Bf5 19. Qb5 Qe5 20. Qxb7 Rad8
21. Rc5 Rxd5 22. Rxd5 Qxd5 23. Qxc7 Qd2 24. Qc1 h5 25. h4 Qxc1 26. Rxc1 Rd2 27.
Rc5 g6 28. Rxa5 Rxb2 29. e3 Rb1+ 30. Kh2 Rb2 31. Kg1 Rb1+ 32. Kh2 Rb2 1/2-1/2

[Event "XIX Autunno Scacchistico Magistrale"]
[Site "Venezia ITA"]
[Date "2013.11.03"]
[Round "4"]
[White "Boraso, Alessio"]
[Black "Vianello, Enrico"]
[Result "1-0"]
[WhiteElo "2098"]
[BlackElo "2157"]
[PlyCount "135"]
[EventDate "2013.11.01"]

1. e4 c5 2. c3 d5 3. exd5 Qxd5 4. d4 Nc6 5. Nf3 Bg4 6. dxc5 Qxd1+ 7. Kxd1 e5 8.
b4 g6 9. Kc2 Bg7 10. Be3 f5 11. h3 f4 12. hxg4 fxe3 13. fxe3 Nh6 14. Rh4 Ke7
15. e4 Nf7 16. Bc4 a5 17. Bxf7 Kxf7 18. Kb3 Rad8 19. b5 Nb8 20. Nbd2 Nd7 21. c6
bxc6 22. a4 Rb8 23. Rf1 Ke7 24. c4 h6 25. g5 h5 26. Rh3 Nc5+ 27. Ka3 Rbd8 28.
Nb3 Nxb3 29. Kxb3 Rd3+ 30. Kc2 Rhd8 31. Nh4 Rxh3 32. gxh3 Rd4 33. Nxg6+ Ke6 34.
Kc3 cxb5 35. axb5 Rxe4 36. Rb1 Rd4 37. b6 e4 38. b7 Rd8+ 39. Kc2 Rb8 40. Rb6+
Kd7 41. Nf4 Bd4 42. Rb5 Kc6 43. g6 Rxb7 44. Rxb7 Kxb7 45. Nxh5 a4 46. g7 Bxg7
47. Nxg7 e3 48. Nf5 e2 49. Kd2 Kc6 50. Nd4+ Kc5 51. Nxe2 Kxc4 52. Kc2 a3 53.
Kb1 Kd3 54. Ka2 Ke4 55. Kxa3 Kf5 56. Kb4 Ke5 57. Kc5 Ke6 58. h4 Kf5 59. h5 Ke5
60. Ng3 Kf6 61. Kd6 Kf7 62. Ke5 Kg7 63. Kf5 Kh6 64. Kf6 Kh7 65. Nf5 Kg8 66. Kg6
Kh8 67. Nd6 Kg8 68. h6 1-0

[Event "XIX Autunno Scacchistico Magistrale"]
[Site "Venezia ITA"]
[Date "2013.11.03"]
[Round "4"]
[White "Sorbera, Giovanni"]
[Black "Lodici, Lorenzo"]
[Result "1-0"]
[WhiteElo "2154"]
[BlackElo "2050"]
[PlyCount "105"]
[EventDate "2013.11.01"]

1. e4 c5 2. Nf3 Nc6 3. Bb5 d6 4. c4 Bd7 5. Nc3 g6 6. Bxc6 Bxc6 7. O-O Bg7 8. d3
Nf6 9. Bg5 h6 10. Bf4 O-O 11. Qd2 Kh7 12. Rab1 a5 13. Ne1 e5 14. Be3 Ng4 15. f3
Nxe3 16. Qxe3 f5 17. Nc2 f4 18. Qd2 g5 19. Na3 h5 20. Nab5 g4 21. a3 Rg8 22. b4
g3 23. h3 Bf8 24. bxc5 dxc5 25. Rfe1 Bd7 26. Kf1 Ra6 27. Ke2 Bxh3 28. gxh3 g2
29. Rg1 Qh4 30. Nd5 Qxh3 31. Nbc3 Qh2 32. Rxb7+ Kh8 33. Qe1 h4 34. Nd1 h3 35.
Nf2 Qg3 36. Nxh3 Qxh3 37. Qa1 Bg7 38. Ne7 Re8 39. Nf5 Rg6 40. Qe1 Ree6 41. Qxa5
Bf8 42. Rb8 Rg8 43. Qd8 Qh2 44. Kf2 Reg6 45. Qd5 Rg3 46. Qxe5+ Kh7 47. Rb7+
R8g7 48. Rxg7+ Bxg7 49. Qxf4 Bc3 50. Qxg3 Be1+ 51. Kxe1 Qxg1+ 52. Kd2 Qa1 53.
Qh2+ 1-0

[Event "XIX Autunno Scacchistico Magistrale"]
[Site "Venezia ITA"]
[Date "2013.11.03"]
[Round "4"]
[White "Zamengo, Fulvio"]
[Black "Maloberti, David"]
[Result "1-0"]
[WhiteElo "2116"]
[BlackElo "2075"]
[PlyCount "59"]
[EventDate "2013.11.01"]

1. e4 e6 2. d4 d5 3. e5 c5 4. c3 Nc6 5. Nf3 Qb6 6. Bd3 Bd7 7. O-O cxd4 8. cxd4
Nxd4 9. Nbd2 Nc6 10. Nb3 Nge7 11. Be3 Qc7 12. Rc1 Ng6 13. Nc5 Be7 14. b4 Qb8
15. Nxd7 Kxd7 16. Qa4 a6 17. b5 axb5 18. Qxb5 Ra5 19. Qb6 Qc7 20. Qb3 Ra3 21.
Qb1 Rha8 22. Nd4 Rxa2 23. f4 Ba3 24. Rxc6 Rxg2+ 25. Kxg2 bxc6 26. Nxc6 d4 27.
Nxd4 Rb8 28. Bb5+ Kc8 29. Qd3 Qc5 30. Ba6+ 1-0